Ecology,culture and Human development / (Record no. 151286)

MARC details
000 -LEADER
fixed length control field 00699nam a22002057a 4500
005 - DATE AND TIME OF LATEST TRANSACTION
control field 20180417114850.0
010 ## - LCCN (DPL NO)
LC control number ENG-122638
020 ## - INTERNATIONAL STANDARD BOOK NUMBER
Terms of availability 795.00
International Standard Book Number 9789386602596
035 ## - SYSTEM CONTROL NUMBER
System control number EN-106170
037 ## - SOURCE OF ACQUISITION
Source of stock number/acquisition DBAD/PUB
082 ## - DEWEY DECIMAL CLASSIFICATION NUMBER
Classification number 155.849483
100 ## - MAIN ENTRY--PERSONAL NAME
Personal name Mishra,Ramesh C.
245 ## - TITLE STATEMENT
Title Ecology,culture and Human development /
Statement of responsibility, etc by Ramesh C.Mishra [and] John W.Berry
260 ## - PUBLICATION, DISTRIBUTION, ETC. (IMPRINT)
Date of publication, distribution, etc 2018
Place of publication, distribution, etc New Delhi
Name of publisher, distributor, etc Sage Publications India Ltd.
270 ## - ADDRESS
Address B1/1-1 Mohan Cooperative Industrial Area,Mathura Road,
City New Delhi
Postal code 110044
Electronic mail address www.sagepub.in
300 ## - PHYSICAL DESCRIPTION
Dimensions 22cm(Hb)
Extent 216P.
500 ## - GENERAL NOTE
General note It includes references and index
700 ## - ADDED ENTRY--PERSONAL NAME
Personal name Berry,John W.
942 ## - ADDED ENTRY ELEMENTS (KOHA)
Item type English Books
Source of classification or shelving scheme Dewey Decimal Classification
Call number suffix ECO
Classification part 155.849483
Holdings
Withdrawn status Lost status Not for loan Collection code Home library Current library Date acquired Source of acquisition Cost, normal purchase price Full call number Barcode Copy number Cost, replacement price Koha item type
    Not For Loan Non-fiction D.B.Act.Division Shahdara Branch 17/04/2018 DBAD/PUB 795.00 155.849483 ECO EN-106170 1 795.00 English Books

© Delhi Public Library
Hit Counter
free hit counter